Avances y desafíos de la educación inclusiva en Iberoamérica.

שמור ב:
מידע ביבליוגרפי
מחבר ראשי: Marchesi, Alvaro (autor)
מחברים אחרים: Blanco, Rosa (autor) (autor), Hernández, Laura (autor) (autor)
פורמט: ספר
שפה:ספרדית
נושאים:
גישה מקוונת:Ver documento en línea
תגים: הוספת תג
אין תגיות, היה/י הראשונ/ה לתייג את הרשומה!

MARC

LEADER 00000nam^a2200000^u^4500
001 000530954
005 20260418000000.0
008 140917s10001000^^^^cr^^r^^^^^000^0^spa^d
009 20260418114832.813
022 |a 9788476662076 
035 |a FCE 000075202 
037 |a Acervo ITESO - Biblioteca 
041 |a spa 
095 |a 836 
100 |a Marchesi, Alvaro  |e (autor) 
245 1 0 |a Avances y desafíos de la educación inclusiva en Iberoamérica. 
264 |a España:  |b OEI: Fundación MAPFRE,  |c 2014. 
300 |a 173 p. 
336 |a texto  |b txt  |2 rdacontenido 
337 |a sin mediación  |b n  |2 rdamedio 
338 |a volumen  |b nc  |2 rdasoporte 
596 |a Metas educativas 2021. 
649 |a XX 
650 |a Educación intercultural 
650 |a Inclusión Educativa 
650 |a América Latina 
650 |a Iberoamérica 
700 |a Blanco, Rosa  |e (autor) 
700 |a Hernández, Laura  |e (autor) 
856 4 0 |u https://www.oei.es/publicaciones/Metas_inclusiva.pdf  |y Ver documento en línea 
910 |a Fondo Centro de Estudios Educativos 
920 |a Impresos - Libros 
930 |a Fondos Especiales 
905 |a 133 
902 |a https://opac.biblio.iteso.mx/vufind/Record/000530954